01502nam a2200313 a 450000100060000000300080000600500170001400800410003103500190007204000270009104100110011808200270012911101000015624502600025626000390051630000250055550400410058050500220062165000290064365000280067271000190070071000460071971000630076574000560082894200120088499900170089695201400091395201350105310687BD-RjUL20211208235010.0740826s1973 sz a b i100 0 eng  a(BD-RjUL)10735 aDLCcDLCdBD-RjULbeng0 aengfre a551.5784bINR 19732232 aInternational Symposia on the Role of Snow and Ice in Hydrologyd(1972 :cBanff, Alta.)921372214aThe role of snow and ice in hydrology :bproceedings of the Banff Symposia, September 1972. Le rôle de la neige et de la glace en hydrologie; actes des colloques de Banff, Septembre 1972 /cInternational Symposia on the Role of Snow and Ice in Hydrology aGeneva :bUnesco-WMO-IAHS,cc1973. av. :bill. ;c25 cm. aIncludes bibliographical references. aVol. 1 -- v. 2 -- 0aSnowxCongresses.933041 0aIcexCongresses.9330422 aUnesco.9330432 aWorld Meteorological Organization.9330442 aInternational Association of Hydrological Sciences.93304531aLe rôle de la neige et de la glace en hydrologie. 2ddccBK c10687d10687 00102ddc40718NFICaRUCLbRUCLcReadingd1981-11-30eUnesco giftl0o551.5784 INR V-1 1973r2014-01-25 00:00:00tC-1w2021-12-08yBK 00102ddc40718NFICaRUCLbRUCLcReadingd1981-11-30eUNESCOl0o551.5784 INR V-2 1973r2017-05-16 00:00:00tC-1w2017-05-16yBK